| 000 | 01311nam a22003497a 4500 | ||
|---|---|---|---|
| 003 | CHAP | ||
| 005 | 20220329140123.0 | ||
| 008 | 971013s1980 r 00010 d | ||
| 010 | _a47289 | ||
| 011 | _a48261 | ||
| 035 | _a52406 | ||
| 040 | _cCHAP | ||
| 090 | _aTesis | ||
| 100 | 0 | 0 |
_aSalcedo Martínez, Marco Antonio. _9101501 |
| 245 | _aAnálisis de factibilidad económica para la producción de pollo de engorda bajo condiciones comerciales con clima semi-controlado bajo cuatro sistemas de operación y venta | ||
| 260 |
_a(Monterrey, N.L. : _bEl autor, _c1980 |
||
| 300 |
_a52 h. _b: gráfs. |
||
| 502 | _aTesis (Ing. Agr. Administrador) --ITESM. Div. de Ciencias Agropecuarias y Marítimas | ||
| 590 |
_aALEPH _b10 _c20130110 _lUCH01 _h1317 |
||
| 590 |
_aBATCH-UPD _b10 _c20130110 _lUCH01 _h0106 |
||
| 590 |
_aBATCH-UPD _b10 _c20130110 _lUCH01 _h1622 |
||
| 590 |
_aBATCH-UPD _b10 _c20130409 _lUCH01 _h2056 |
||
| 590 |
_aBATCH-UPD _b10 _c20130410 _lUCH01 _h1017 |
||
| 590 |
_aBATCH-UPD _b10 _c20130914 _lUCH01 _h0445 |
||
| 590 |
_aCONVERSION _b10 _c20130109 _lUCH01 _h1326 |
||
| 650 | 1 | 4 |
_aAves de corral _xMercadeo. _98660 |
| 650 | 1 | 4 |
_aAvicultura _xAspectos económicos. _98707 |
| 650 | 1 | 4 |
_aCarne de pollo _xProducción. _919170 |
| 901 | _aBK | ||
| 942 | _cTESIS | ||
| 949 |
_bBC _cTES _d-116715 _eTS1 _i52406 _si |
||
| 999 |
_c47289 _d47289 |
||